[Event "Titled Tuesday intern op 14th Nov Early"]
[Site "Chess.com INT"]
[Date "2023.11.14"]
[Round "1"]
[White "Ramu, K."]
[Black "Bagrationi, Alexander"]
[Result "0-1"]
[WhiteElo "2197"]
[BlackElo "2440"]
[PlyCount "46"]
[EventDate "2023.11.14"]
[EventType "swiss (blitz)"]
[EventRounds "11"]
[EventCountry "USA"]
[SourceTitle "CB47_2023"]
[SourceDate "2023.11.22"]
[SourceVersion "1"]
[SourceVersionDate "2023.11.22"]
[SourceQuality "1"]

1. e4 c5 2. Nf3 Nc6 3. d4 cxd4 4. Nxd4 g6 5. Nc3 Bg7 6. Be3 Nf6 7. f3 0-0 8. Qd2 d5 9. exd5 Nxd5 10. 0-0-0 Nxe3 11. Qxe3 Nxd4 12. Nb5 Nf5 13. Qe2 Qb6 14. c3 Be6 15. Kb1 a6 16. Na3 Rfd8 17. g4 Rxd1+ 18. Qxd1 Ne3 19. Qe2 Rd8 20. Bg2 Bxc3 21. b3 Rd2 22. Qxd2 Bxd2 23. Bh3 Bxb3 0-1

[Event "Titled Tuesday intern op 01st Aug Early"]
[Site "Chess.com INT"]
[Date "2023.08.01"]
[Round "1"]
[White "Dobrikov, Marco"]
[Black "Ramu, K."]
[Result "0-1"]
[WhiteElo "2252"]
[BlackElo "2197"]
[PlyCount "36"]
[EventDate "2023.08.01"]
[EventType "swiss (blitz)"]
[EventRounds "11"]
[EventCountry "USA"]
[SourceTitle "EXT 2024"]
[Source "ChessBase"]
[SourceDate "2023.10.10"]
[SourceVersion "1"]
[SourceVersionDate "2023.10.10"]
[SourceQuality "1"]

1. d4 Nf6 2. Bf4 g6 3. e3 Bg7 4. c3 0-0 5. Nd2 d6 6. Bg3 Nfd7 7. Ngf3 h6 8. Bd3 e5 9. h4 f5 10. h5 e4 11. Nxe4 fxe4 12. Bxe4 g5 13. Qb3+ Kh8 14. Bxb7 Bxb7 15. Qxb7 Nb6 16. 0-0-0 N8d7 17. e4 Rb8 18. Qxc7 Qxc7 0-1

[Event "Titled Tuesday intern op 01st Aug Early"]
[Site "Chess.com INT"]
[Date "2023.08.01"]
[Round "2"]
[White "Manukyan, Sargis A"]
[Black "Ramu, K."]
[Result "1-0"]
[WhiteElo "2237"]
[BlackElo "2197"]
[PlyCount "53"]
[EventDate "2023.08.01"]
[EventType "swiss (blitz)"]
[EventRounds "11"]
[EventCountry "USA"]
[SourceTitle "EXT 2024"]
[Source "ChessBase"]
[SourceDate "2023.10.10"]
[SourceVersion "1"]
[SourceVersionDate "2023.10.10"]
[SourceQuality "1"]

1. d4 Nf6 2. c4 g6 3. Nc3 Bg7 4. Nf3 0-0 5. h3 d6 6. Bf4 Nbd7 7. e3 b6 8. Be2 Bb7 9. 0-0 c5 10. d5 a6 11. a4 h6 12. e4 Nh7 13. Bd3 Re8 14. Qd2 g5 15. Bh2 Ndf8 16. Rfe1 Ng6 17. e5 dxe5 18. Bxg6 fxg6 19. Nxe5 Nf8 20. Qd3 Kh7 21. a5 bxa5 22. Na4 Rc8 23. Rad1 e6 24. d6 Bc6 25. Nxc5 Bxe5 26. Bxe5 Bd7 27. Ne4 1-0

[Event "Titled Tuesday intern op 11th Jul Early"]
[Site "Chess.com INT"]
[Date "2023.07.11"]
[Round "2"]
[White "Jimenez Jimenez, Leandro"]
[Black "Ramu, K."]
[Result "1-0"]
[WhiteElo "2141"]
[BlackElo "2197"]
[PlyCount "65"]
[EventDate "2023.07.11"]
[EventType "swiss (blitz)"]
[EventRounds "11"]
[EventCountry "USA"]
[SourceTitle "EXT 2024"]
[Source "ChessBase"]
[SourceDate "2023.10.10"]
[SourceVersion "1"]
[SourceVersionDate "2023.10.10"]
[SourceQuality "1"]

1. d4 Nf6 2. c4 g6 3. Nc3 Bg7 4. e4 d6 5. f3 c5 6. Nge2 0-0 7. Be3 Nc6 8. d5 Ne5 9. Ng3 h5 10. Be2 h4 11. Nf1 a6 12. Nd2 e6 13. a4 exd5 14. cxd5 Re8 15. 0-0 Rb8 16. a5 Kh7 17. h3 Qc7 18. Bg5 Bh6 19. Bxh4 Nh5 20. Nc4 Nxc4 21. Bxc4 Nf4 22. Ne2 g5 23. Bg3 b5 24. Bd3 c4 25. Bc2 Bd7 26. Qd2 Rg8 27. Nxf4 gxf4 28. Bxf4 Bxh3 29. e5+ Kh8 30. Rf2 Bf8 31. Bg5 dxe5 32. Bf6+ Bg7 33. Qh6# 1-0

[Event "Titled Tuesday intern op 13th Dec Early"]
[Site "Chess.com INT"]
[Date "2022.12.13"]
[Round "7"]
[White "Ramu, K."]
[Black "Itkis, Boris"]
[Result "0-1"]
[WhiteElo "2233"]
[BlackElo "2329"]
[PlyCount "82"]
[EventDate "2022.12.13"]
[EventType "swiss (blitz)"]
[EventRounds "11"]
[EventCountry "USA"]
[SourceTitle "EXT 2024"]
[Source "ChessBase"]
[SourceDate "2023.10.10"]
[SourceVersion "1"]
[SourceVersionDate "2023.10.10"]
[SourceQuality "1"]

1. e4 c5 2. Nf3 Nc6 3. d3 g6 4. g3 Bg7 5. Bg2 e6 6. 0-0 Nge7 7. Nbd2 0-0 8. Re1 d5 9. c3 b6 10. e5 a5 11. a3 Ba6 12. d4 Rc8 13. Nf1 Nf5 14. g4 Nh4 15. Nxh4 Qxh4 16. h3 Bh6 17. Be3 Bxf1 18. Bxf1 Bxe3 19. fxe3 Ne7 20. Qf3 f5 21. exf6 Rxf6 22. Qg2 Rcf8 23. Re2 g5 24. Qh2 Rf3 25. Bg2 Rf2 26. Rae1 Ng6 27. Qc7 Rxe2 28. Rxe2 Qh6 29. Qxb6 Nh4 30. Bh1 Qf6 31. Kh2 Rf7 32. Qd8+ Qxd8 33. c4 Qf6 34. cxd5 Qf1 35. Rc2 Nf3+ 36. Bxf3 Rxf3 37. Rg2 Rf2 38. Rxf2 Qxf2+ 39. Kh1 exd5 40. dxc5 Qf3+ 41. Kh2 Qxe3 0-1

[Event "Arandjelovac ASK-7 IM"]
[Site "Arandjelovac"]
[Date "2022.03.05"]
[Round "9"]
[White "Ramu, K."]
[Black "Markovic, Miroslav"]
[Result "1-0"]
[WhiteElo "2117"]
[BlackElo "2286"]
[PlyCount "80"]
[EventDate "2022.02.28"]
[EventType "swiss"]
[EventRounds "9"]
[EventCountry "SRB"]
[SourceTitle "CBM 207 Extra"]
[Source "ChessBase"]
[SourceDate "2022.05.31"]
[SourceVersion "1"]
[SourceVersionDate "2022.05.31"]
[SourceQuality "1"]

1. e4 d6 2. d4 Nf6 3. Nc3 e5 4. Nge2 c6 5. h3 Nbd7 6. g4 g6 7. Bg2 Bg7 8. Be3 0-0 9. Qd2 b5 10. Ng3 a5 11. Rd1 b4 12. Nce2 Qc7 13. g5 Ne8 14. f4 f6 15. h4 f5 16. exf5 gxf5 17. dxe5 dxe5 18. 0-0 e4 19. Bd4 Nb6 20. b3 c5 21. Bxg7 Qxg7 22. Qe3 Qe7 23. Rd2 a4 24. Rfd1 axb3 25. axb3 Be6 26. h5 Nc7 27. Kh2 Ncd5 28. Qg1 Qc7 29. Rf1 h6 30. Bh3 Rae8 31. Kh1 Bc8 32. Rdd1 hxg5 33. Nxf5 Kh8 34. fxg5 Bxf5 35. Rxf5 Rxf5 36. Bxf5 Qf7 37. Bg6 Qf3+ 38. Qg2 Ne3 39. Qxf3 exf3 40. Bxe8 fxe2 1-0

[Event "Arandjelovac ASK-7 IM"]
[Site "Arandjelovac"]
[Date "2022.03.03"]
[Round "6"]
[White "Ramu, K."]
[Black "Popchev, Milko"]
[Result "1-0"]
[WhiteElo "2117"]
[BlackElo "2193"]
[PlyCount "51"]
[EventDate "2022.02.28"]
[EventType "swiss"]
[EventRounds "9"]
[EventCountry "SRB"]
[SourceTitle "CBM 207 Extra"]
[Source "ChessBase"]
[SourceDate "2022.05.31"]
[SourceVersion "1"]
[SourceVersionDate "2022.05.31"]
[SourceQuality "1"]

1. e4 b6 2. d4 Bb7 3. Nc3 d6 4. Be3 g6 5. Qd2 Bg7 6. f3 c5 7. Nge2 a6 8. h4 Nc6 9. h5 h6 10. hxg6 fxg6 11. d5 Ne5 12. Nf4 Bc8 13. Ne6 Bxe6 14. dxe6 g5 15. Bxg5 Ng6 16. Be3 Qc8 17. Nd5 Ra7 18. f4 Bxb2 19. Rb1 Bg7 20. f5 Ne5 21. Rxb6 Nf6 22. Nxf6+ Bxf6 23. Rxh6 Rxh6 24. Bxh6 Qc7 25. Rb3 c4 26. Rg3 1-0

[Event "Arandjelovac ASK-7 IM"]
[Site "Arandjelovac"]
[Date "2022.03.01"]
[Round "3"]
[White "Amitpal, Singh"]
[Black "Ramu, K."]
[Result "1/2-1/2"]
[WhiteElo "2102"]
[BlackElo "2117"]
[PlyCount "27"]
[EventDate "2022.02.28"]
[EventType "swiss"]
[EventRounds "9"]
[EventCountry "SRB"]
[SourceTitle "CBM 207 Extra"]
[Source "ChessBase"]
[SourceDate "2022.05.31"]
[SourceVersion "1"]
[SourceVersionDate "2022.05.31"]
[SourceQuality "1"]

1. d4 Nf6 2. Nf3 d5 3. c4 c6 4. Nc3 g6 5. Bg5 Bg7 6. Qd2 h6 7. Bf4 a6 8. e3 Bf5 9. Be2 0-0 10. 0-0 Nbd7 11. Rac1 Rc8 12. Rfd1 g5 13. Bg3 Nb6 14. b3 1/2-1/2

[Event "Arandjelovac ASK-7 IM"]
[Site "Arandjelovac"]
[Date "2022.02.28"]
[Round "1"]
[White "Ramu, K."]
[Black "Runic, Zoran"]
[Result "1-0"]
[WhiteElo "2117"]
[BlackElo "2325"]
[PlyCount "61"]
[EventDate "2022.02.28"]
[EventType "swiss"]
[EventRounds "9"]
[EventCountry "SRB"]
[SourceTitle "CBM 207 Extra"]
[Source "ChessBase"]
[SourceDate "2022.05.31"]
[SourceVersion "1"]
[SourceVersionDate "2022.05.31"]
[SourceQuality "1"]

1. e4 e5 2. Nf3 d6 3. d4 Nd7 4. Bd3 Ngf6 5. 0-0 Be7 6. Re1 0-0 7. c3 Re8 8. Nbd2 Bf8 9. Bc2 c6 10. Nf1 Qc7 11. Ng3 g6 12. Bg5 Bg7 13. Qd2 Nf8 14. h3 a5 15. c4 Kh8 16. d5 c5 17. Ba4 N8d7 18. Nh2 Ng8 19. Rf1 Rf8 20. Be3 Ne7 21. Bxd7 Bxd7 22. Bh6 Ng8 23. Bxg7+ Kxg7 24. f4 f6 25. f5 Nh6 26. Rae1 Qd8 27. Re3 Qe7 28. Rb3 Be8 29. Nh5+ Kh8 30. Qxh6 gxh5 31. Rxb7 1-0

[Event "Arandjelovac ASK-5 IM"]
[Site "Arandjelovac"]
[Date "2022.02.19"]
[Round "8.7"]
[White "Ramu, K."]
[Black "Stanojevic, Ilija"]
[Result "1-0"]
[WhiteElo "2117"]
[BlackElo "2155"]
[PlyCount "137"]
[EventDate "2022.02.14"]
[EventType "swiss"]
[EventRounds "9"]
[EventCountry "SRB"]
[SourceTitle "CBM 206 Extra"]
[Source "ChessBase"]
[SourceDate "2022.03.31"]
[SourceVersion "1"]
[SourceVersionDate "2022.03.31"]
[SourceQuality "1"]

1. e4 e6 2. d4 d5 3. Nc3 Bb4 4. e5 c5 5. a3 Bxc3+ 6. bxc3 Qa5 7. Bd2 Qa4 8. Qg4 g6 9. h4 Nc6 10. Nf3 Bd7 11. Qf4 h6 12. Ra2 Nge7 13. dxc5 Qxf4 14. Bxf4 Na5 15. Nd2 Rc8 16. Be3 Nf5 17. Bd4 Ke7 18. Rb2 Rc7 19. g4 Nxd4 20. cxd4 b6 21. cxb6 axb6 22. Bd3 h5 23. f3 Ba4 24. Rh2 Nc6 25. c3 Na5 26. Nb1 Bb3 27. Kd2 Rcc8 28. Ke3 Rc7 29. Kf4 Rcc8 30. Rbg2 Bc4 31. Bc2 Rc7 32. gxh5 Rxh5 33. Rg5 Rh6 34. Kg3 Rc8 35. h5 Rxh5 36. Rgxh5 gxh5 37. Bh7 Rh8 38. Bc2 Rg8+ 39. Kh4 Rc8 40. Bh7 Rh8 41. Bc2 Ba2 42. Nd2 Rc8 43. Bb1 Bxb1 44. Nxb1 Nc4 45. Re2 Rh8 46. f4 Rg8 47. Kxh5 Rg3 48. Kh4 Rf3 49. Kg5 Rg3+ 50. Kh4 Rd3 51. Re1 Rf3 52. Kg4 Rf2 53. Kg5 Rg2+ 54. Kh4 Ra2 55. Kg3 Rb2 56. Rg1 b5 57. Re1 Rb3 58. Kf2 Rb2+ 59. Kg3 Kd7 60. Kg4 Kc6 61. f5 exf5+ 62. Kxf5 Rf2+ 63. Kg5 Kb6 64. Kh6 Ka5 65. Kg7 Ka4 66. Rd1 Kb3 67. Kf8 Ka2 68. Ke7 Kb3 69. Kd7 1-0

[Event "Arandjelovac ASK-4 IM"]
[Site "Arandjelovac"]
[Date "2022.02.11"]
[Round "7"]
[White "Stankovic, Boris"]
[Black "Ramu, K."]
[Result "0-1"]
[WhiteElo "2376"]
[BlackElo "2117"]
[PlyCount "46"]
[EventDate "2022.02.07"]
[EventType "swiss"]
[EventRounds "9"]
[EventCountry "SRB"]
[SourceTitle "CBM 206 Extra"]
[Source "ChessBase"]
[SourceDate "2022.03.31"]
[SourceVersion "1"]
[SourceVersionDate "2022.03.31"]
[SourceQuality "1"]

1. e4 c5 2. Nf3 d6 3. d4 cxd4 4. Nxd4 Nf6 5. Nc3 a6 6. Bg5 e6 7. f4 Be7 8. Qf3 Qc7 9. 0-0-0 Nbd7 10. g4 h6 11. Bxf6 Bxf6 12. h4 Nb6 13. g5 Bxd4 14. Rxd4 Qc5 15. Qd3 hxg5 16. e5 gxf4 17. Ne4 Qxe5 18. Nxd6+ Ke7 19. Ne4 f5 20. Qa3+ Kf7 21. Ng5+ Kf6 22. Nh7+ Kg6 23. Nf8+ Kf7 0-1

[Event "Titled Tuesday intern op 10th Aug"]
[Site "Chess.com INT"]
[Date "2021.08.10"]
[Round "8"]
[White "Ramu, K."]
[Black "Marcziter, Dmitrii"]
[Result "0-1"]
[WhiteElo "2117"]
[BlackElo "2243"]
[PlyCount "92"]
[EventDate "2021.08.10"]
[EventType "swiss (blitz)"]
[EventRounds "11"]
[EventCountry "USA"]
[SourceTitle "CBM 203 Extra"]
[Source "ChessBase"]
[SourceDate "2021.09.30"]
[SourceVersion "1"]
[SourceVersionDate "2021.09.30"]
[SourceQuality "1"]

1. e4 c5 2. Nf3 a6 3. d3 Nc6 4. g3 g6 5. Bg2 Bg7 6. 0-0 e5 7. Be3 d6 8. Qd2 Nge7 9. Nc3 0-0 10. Rae1 Nd4 11. h3 Bxh3 12. Bxd4 Bxg2 13. Kxg2 cxd4 14. Ne2 f5 15. Rh1 fxe4 16. dxe4 h6 17. Rxh6 Bxh6 18. Qxh6 Rxf3 19. Kxf3 Qf8+ 20. Qxf8+ Rxf8+ 21. Kg2 Rc8 22. c3 d3 23. Ng1 Rc4 24. Nf3 b5 25. Nd2 Rc8 26. Re3 Kf7 27. Rxd3 Ke6 28. Nf1 d5 29. exd5+ Nxd5 30. Ne3 Nb6 31. b3 a5 32. Nd1 a4 33. Kf3 a3 34. Ne3 Rf8+ 35. Ke2 Rh8 36. Nc2 Ra8 37. f4 Nd7 38. Re3 Kd5 39. Nb4+ Ke6 40. Nd3 Rh8 41. Nxe5 Rh2+ 42. Ke1 Rxa2 43. Nxg6+ Kf5 44. Nh4+ Kg4 45. f5 Nf6 46. Nf3 Kxg3 0-1

[Event "Titled Tuesday intern op 13th Oct"]
[Site "Chess.com INT"]
[Date "2020.10.13"]
[Round "9"]
[White "Kahlert, Thomas"]
[Black "Ramu, K."]
[Result "1-0"]
[WhiteElo "2155"]
[BlackElo "2117"]
[PlyCount "67"]
[EventDate "2020.10.13"]
[EventType "swiss (blitz)"]
[EventRounds "10"]
[EventCountry "USA"]
[SourceTitle "CBM 198 Extra"]
[Source "ChessBase"]
[SourceDate "2020.11.30"]
[SourceVersion "1"]
[SourceVersionDate "2020.11.30"]
[SourceQuality "1"]

1. d4 Nf6 2. c4 g6 3. Nc3 Bg7 4. e4 d6 5. f3 0-0 6. Be3 e5 7. Nge2 Nc6 8. d5 Ne7 9. Qd2 Nd7 10. g4 f5 11. gxf5 gxf5 12. 0-0-0 Nf6 13. Kb1 fxe4 14. fxe4 Ng4 15. Nc1 Nxe3 16. Qxe3 Ng6 17. Nd3 a6 18. Bh3 Qh4 19. Bxc8 Raxc8 20. Rdg1 Bh6 21. Qe2 Kh8 22. Rg4 Qh5 23. Rhg1 Rf7 24. c5 Rcf8 25. cxd6 cxd6 26. a3 Qh3 27. Ka2 Rf3 28. R1g3 Qf1 29. Qxf1 Rxf1 30. Rh3 Kg7 31. Ne2 R8f3 32. Rgg3 Rxg3 33. Nxg3 Rf6 34. Nh5+ 1-0

[Event "Titled Tuesday intern op 13th Oct"]
[Site "Chess.com INT"]
[Date "2020.10.13"]
[Round "6"]
[White "Toncheva, Nadya"]
[Black "Ramu, K."]
[Result "1-0"]
[WhiteElo "2321"]
[BlackElo "2117"]
[PlyCount "87"]
[EventDate "2020.10.13"]
[EventType "swiss (blitz)"]
[EventRounds "10"]
[EventCountry "USA"]
[SourceTitle "CBM 198 Extra"]
[Source "ChessBase"]
[SourceDate "2020.11.30"]
[SourceVersion "1"]
[SourceVersionDate "2020.11.30"]
[SourceQuality "1"]

1. e4 c5 2. c3 d5 3. exd5 Qxd5 4. d4 Nf6 5. Nf3 Bg4 6. Be2 e6 7. 0-0 Be7 8. Be3 0-0 9. dxc5 Nbd7 10. b4 a5 11. h3 Bh5 12. Nd4 Bxe2 13. Qxe2 Ne5 14. Rd1 Qc4 15. Bf4 Qxe2 16. Nxe2 Nc4 17. Nd2 Nb2 18. Rdb1 Nd3 19. Be3 Nd5 20. a3 Bf6 21. Nd4 e5 22. Nb5 Nxe3 23. fxe3 Bg5 24. Nc4 e4 25. Nbd6 f5 26. Nxb7 f4 27. exf4 Nxf4 28. Nbxa5 Ne2+ 29. Kh1 Ng3+ 30. Kg1 Ne2+ 31. Kh1 Ng3+ 32. Kh2 Bf4 33. h4 Ne2+ 34. Kh3 Nxc3 35. Rb3 Nd5 36. c6 e3 37. Re1 Rae8 38. b5 g5 39. hxg5 Rf5 40. b6 Rxg5 41. g4 Re6 42. c7 Rh6+ 43. Kg2 Rh2+ 44. Kf3 1-0

[Event "Titled Tuesday intern op 08th Sept"]
[Site "Chess.com INT"]
[Date "2020.09.08"]
[Round "9"]
[White "Ramu, K."]
[Black "Ardila, Oscar Humberto"]
[Result "1/2-1/2"]
[WhiteElo "2117"]
[BlackElo "2017"]
[PlyCount "122"]
[EventDate "2020.09.08"]
[EventType "swiss (blitz)"]
[EventRounds "10"]
[EventCountry "USA"]
[SourceTitle "CBM 198 Extra"]
[Source "ChessBase"]
[SourceDate "2020.11.30"]
[SourceVersion "1"]
[SourceVersionDate "2020.11.30"]
[SourceQuality "1"]

1. e4 e5 2. Nf3 Nf6 3. Nc3 Nc6 4. Bb5 Bb4 5. 0-0 0-0 6. Re1 d6 7. h3 Nd4 8. Nxd4 exd4 9. Nb1 c6 10. Bf1 Re8 11. a3 Ba5 12. b4 Bb6 13. d3 a5 14. Bb2 axb4 15. axb4 Rxa1 16. Bxa1 Be6 17. Nd2 c5 18. Nf3 Qa8 19. Qb1 Qa6 20. g3 Ra8 21. Bg2 h6 22. Rd1 Nd7 23. Nd2 c4 24. Nxc4 Bxc4 25. dxc4 Qxc4 26. Bf1 Qe6 27. Bxd4 Qxe4 28. Bxb6 Nxb6 29. Rxd6 Na4 30. Bd3 Qe5 31. Qd1 Kf8 32. Rd7 Rb8 33. Qf3 Qe6 34. Rxb7 Rxb7 35. Qxb7 Nb2 36. Kg2 Nxd3 37. cxd3 Qb3 38. Qe4 g6 39. Qc4 Qb1 40. b5 Kg7 41. Qd4+ Kh7 42. b6 h5 43. Qf6 Qb3 44. Qd4 Kg8 45. h4 Qb1 46. Qd8+ Kh7 47. Qd4 Qb5 48. Qc4 Qd7 49. d4 Qb7+ 50. Kg1 Qf3 51. Qc5 Qd1+ 52. Kg2 Qg4 53. Qd5 g5 54. Qxf7+ Kh6 55. Qf6+ Kh7 56. Qxg5 Qe4+ 57. f3 Qe2+ 58. Kg1 Qe1+ 59. Kg2 Qe2+ 60. Kg1 Qe1+ 61. Kg2 Qe2+ 1/2-1/2

[Event "Titled Tuesday intern op 08th Sept"]
[Site "Chess.com INT"]
[Date "2020.09.08"]
[Round "4"]
[White "Ramu, K."]
[Black "Mrudul, Dehankar"]
[Result "0-1"]
[WhiteElo "2117"]
[BlackElo "2256"]
[PlyCount "48"]
[EventDate "2020.09.08"]
[EventType "swiss (blitz)"]
[EventRounds "10"]
[EventCountry "USA"]
[SourceTitle "CBM 198 Extra"]
[Source "ChessBase"]
[SourceDate "2020.11.30"]
[SourceVersion "1"]
[SourceVersionDate "2020.11.30"]
[SourceQuality "1"]

1. e4 c5 2. Nf3 d6 3. d3 g6 4. g3 Bg7 5. Bg2 Nc6 6. 0-0 Nf6 7. Re1 0-0 8. e5 Nd5 9. exd6 Qxd6 10. Nbd2 e5 11. Nc4 Qe6 12. Ng5 Qd7 13. a4 f6 14. Ne4 b6 15. Ned6 Nde7 16. c3 Ba6 17. Nb5 Rad8 18. Qb3 Kh8 19. Bf1 Bb7 20. Nbd6 Ba8 21. Be3 Na5 22. Nxa5 Qxd6 23. Nc4 Qd5 24. a5 Qh1# 0-1